[Event "PRO League Eastern"]
[Site "Chess.com INT"]
[Date "2017.01.11"]
[Round "1"]
[White "Yakhiyayev, Abdikhadir"]
[Black "Harisurya, Bharadwaj Gundepudi"]
[Result "1/2-1/2"]
[WhiteElo "2048"]
[BlackElo "1531"]
[PlyCount "174"]
[EventDate "2017.01.11"]
[EventType "team-swiss (rapid)"]
[EventRounds "7"]
[EventCountry "USA"]
[SourceTitle "CBM 176 Extra"]
[Source "ChessBase"]
[SourceDate "2017.03.02"]
[SourceVersion "1"]
[SourceVersionDate "2017.03.02"]
[SourceQuality "1"]
[WhiteTeam "Shymkent Nomads"]
[BlackTeam "Amaravati Yodhas"]
[WhiteTeamCountry "KAZ"]
[BlackTeamCountry "IND"]

1. d4 Nf6 2. f4 g6 3. Nf3 Bg7 4. e3 d5 5. Bd3 0-0 6. 0-0 c5 7. c3 Nc6 8. Bd2 Qb6 9. b3 Bg4 10. Be1 c4 11. Bc2 Rfd8 12. Nbd2 cxb3 13. axb3 Qc7 14. h3 Bd7 15. Rc1 Rac8 16. Bd3 a6 17. Ne5 Be8 18. Bg3 Qb6 19. Kh1 e6 20. Bb1 Nh5 21. Bh2 Nf6 22. Qe2 Qa7 23. Bg1 Qb8 24. Bh2 Qa8 25. c4 Nb4 26. c5 Bb5 27. Qe1 Nd7 28. Rf2 Nxe5 29. fxe5 Qb8 30. Nf3 Be8 31. Qxb4 Bh6 32. Re1 Bf8 33. Qd2 b6 34. b4 a5 35. bxa5 bxc5 36. dxc5 Bxc5 37. Nd4 Bb4 38. Qd1 Bxe1 39. Qxe1 Qa7 40. Bd3 Rc5 41. a6 Rb8 42. Bg1 Qc7 43. Rc2 Rxc2 44. Nxc2 Rb3 45. Qd1 Qxe5 46. Nd4 Rb8 47. Qa1 Ra8 48. Qa5 Qb8 49. Bh2 Qb2 50. Bg1 Qb8 51. e4 Bd7 52. exd5 e5 53. Nc6 Qe8 54. Qb6 e4 55. Be2 h5 56. a7 Kh7 57. Qb7 Qc8 58. Ba6 Qe8 59. Qc7 e3 60. Bb7 e2 61. Bf2 e1Q+ 62. Bxe1 Qxe1+ 63. Kh2 Bxc6 64. Qxf7+ Kh6 65. Qf4+ Kh7 66. Qf7+ Kh6 67. Qf4+ Kh7 68. Bxa8 Bxa8 69. Qf7+ Kh6 70. Qf8+ Kh7 71. Qxa8 Qe5+ 72. Kg1 Qe1+ 73. Kh2 Qe5+ 74. Kg1 Qe1+ 75. Kh2 Qe5+ 76. g3 Qe2+ 77. Kg1 Qe1+ 78. Kg2 Qe2+ 79. Kh1 Qf1+ 80. Kh2 Qf2+ 81. Kh1 Qf1+ 82. Kh2 Qf2+ 83. Kh1 Qf1+ 84. Kh2 Qf2+ 85. Kh1 Qf1+ 86. Kh2 Qf2+ 87. Kh1 Qf1+ 1/2-1/2